[Event "Olimpiada Calviá 2004"]
[Site "Calviá ESP"]
[Date "2004.10.29"]
[Round "14.18"]
[White "Temirbaev, Serik"]
[Black "Likavsky, Tomas"]
[Result "1/2-1/2"]
[WhiteElo "2468"]
[BlackElo "2449"]
[PlyCount "97"]
[EventDate "2004.10.15"]
[EventType "team"]
[EventRounds "14"]
[EventCountry "ESP"]
[Source "lmi"]
[SourceDate "2004.10.27"]

1. d4 Nf6 2. c4 e6 3. Nf3 b6 4. g3 Ba6 5. b3 b5 6. cxb5 Bxb5 7. Bg2 d5 8. O-O
Nbd7 9. Nc3 Ba6 10. Bb2 Be7 11. Rc1 O-O 12. Rc2 Rc8 13. Na4 c5 14. Nxc5 Nxc5
15. dxc5 Bxc5 16. a3 Qe7 17. b4 Bb6 18. Ne5 Ne4 19. Nc6 Qb7 20. Nd4 Rxc2 21.
Qxc2 Rc8 22. Qd1 Qd7 23. a4 Nc3 24. Bxc3 Rxc3 25. b5 Bb7 26. e3 Qd6 27. Ne2 Rc4
28. e4 g6 29. exd5 Bxd5 30. Bxd5 exd5 31. Nf4 Rd4 32. Qb3 Qc5 33. Kg2 Rd2 34.
Qf3 Qd4 35. h4 h5 36. Nh3 Qxa4 37. Ng5 f5 38. Kg1 Qc4 39. Kg2 Rd3 40. Qf4 Qxf4
41. gxf4 Rd2 42. Re1 Rxf2+ 43. Kg3 Rb2 44. Re6 Kg7 45. Re7+ Kf8 46. Rd7 Rxb5
47. Nh7+ Ke8 48. Nf6+ Kf8 49. Nh7+ 1/2-1/2

[Event "Olimpiada Calviá 2004"]
[Site "Calviá ESP"]
[Date "2004.10.29"]
[Round "14.19"]
[White "Sermek, Drazen"]
[Black "Dizdar, Goran"]
[Result "1/2-1/2"]
[WhiteElo "2547"]
[BlackElo "2535"]
[PlyCount "99"]
[EventDate "2004.10.15"]
[EventType "team"]
[EventRounds "14"]
[EventCountry "ESP"]
[Source "lmi"]
[SourceDate "2004.10.27"]

1. e4 e6 2. d4 d5 3. Nd2 c5 4. exd5 exd5 5. Ngf3 Nf6 6. Bb5+ Bd7 7. Bxd7+ Nbxd7
8. O-O Be7 9. dxc5 Nxc5 10. Nb3 Nce4 11. Nfd4 Qd7 12. f3 Nd6 13. Nc5 Qc8 14.
Nd3 O-O 15. Re1 Bd8 16. Bg5 h6 17. Bh4 Re8 18. Rxe8+ Ndxe8 19. c3 Bb6 20. Bf2
Qc4 21. Nf5 Qb5 22. Bd4 Rd8 23. a4 Bxd4+ 24. Nxd4 Qc4 25. Qd2 Nd6 26. Ne5 Qc7
27. Re1 a6 28. g4 Re8 29. Nd3 Rxe1+ 30. Nxe1 Nc4 31. Qe2 Qe5 32. Qxe5 Nxe5 33.
Nf5 Kf8 34. Kf2 h5 35. g5 Ne8 36. f4 Ng4+ 37. Kg3 g6 38. Nd4 Nd6 39. Nd3 Ne3
40. Kf3 Nec4 41. b3 Nd2+ 42. Ke3 N2e4 43. c4 dxc4 44. bxc4 Nc3 45. Nc5 a5 46.
Ndb3 Ke8 47. Kd3 Nd1 48. Nxa5 b6 49. Nab7 Nb2+ 50. Kc3 1/2-1/2

[Event "Olimpiada Calviá 2004"]
[Site "Calviá ESP"]
[Date "2004.10.29"]
[Round "14.20"]
[White "Dearing, Eddie"]
[Black "Kovacevic, Aleksandar"]
[Result "0-1"]
[WhiteElo "2376"]
[BlackElo "2556"]
[PlyCount "90"]
[EventDate "2004.10.15"]
[EventType "team"]
[EventRounds "14"]
[EventCountry "ESP"]
[Source "lmi"]
[SourceDate "2004.10.27"]

1. c4 Nf6 2. Nc3 c5 3. g3 d5 4. cxd5 Nxd5 5. Bg2 Nc7 6. Qb3 Nc6 7. Bxc6+ bxc6
8. Qa4 Qd6 9. d3 e5 10. Nf3 f6 11. O-O Bh3 12. Rd1 Ne6 13. b3 Be7 14. Ba3 f5
15. Qc4 Rd8 16. Rac1 h5 17. Na4 e4 18. Nxc5 Nf4 19. Nxe4 Nxe2+ 20. Kh1 Qd5 21.
Bxe7 fxe4 22. Qxd5 Rxd5 23. dxe4 Rxd1+ 24. Rxd1 Kxe7 25. Rd2 Rf8 26. Rxe2 Rxf3
27. Kg1 g5 28. Rc2 Rd3 29. f4 gxf4 30. gxf4 Rf3 31. Rf2 Re3 32. Rc2 Rxe4 33.
Kf2 Kd6 34. Rc3 Bf5 35. Kg3 Re2 36. a3 a5 37. b4 a4 38. Rc5 Bg4 39. Rc3 Rb2 40.
Kh4 Rxh2+ 41. Kg5 Rh3 42. Rc5 Rxa3 43. Ra5 Rg3 44. f5 a3 45. f6 Be6+ 0-1

[Event "Olimpiada Calviá 2004"]
[Site "Calviá ESP"]
[Date "2004.10.29"]
[Round "14.20"]
[White "Markus, Robert"]
[Black "Mannion, Stephen R"]
[Result "1-0"]
[WhiteElo "2555"]
[BlackElo "2357"]
[PlyCount "113"]
[EventDate "2004.10.15"]
[EventType "team"]
[EventRounds "14"]
[EventCountry "ESP"]
[Source "lmi"]
[SourceDate "2004.10.27"]

1. d4 d5 2. c4 dxc4 3. Nf3 Nf6 4. Qa4+ Nc6 5. Nc3 Nd5 6. e4 Nb6 7. Qd1 Bg4 8.
d5 Ne5 9. Qd4 Nxf3+ 10. gxf3 Bxf3 11. Rg1 Qd6 12. Qe3 Bh5 13. Bd2 e5 14. dxe6
fxe6 15. Qg5 Bg6 16. Nb5 Qd7 17. Bh3 a6 18. Nc3 Be7 19. Qe5 Bd6 20. Qxe6+ Qxe6
21. Bxe6 Bxh2 22. Rg2 Bd6 23. f4 Bf7 24. Bh3 O-O 25. Be3 Bh5 26. Bd4 Rxf4 27.
Rxg7+ Kf8 28. Rxh7 Bg6 29. Rh6 Kf7 30. Be6+ Kxe6 31. Rxg6+ Kf7 32. Rxd6 cxd6
33. Bxb6 Rg8 34. O-O-O Rg6 35. a4 Rh4 36. Rf1+ Ke6 37. Rf2 Rh1+ 38. Kc2 Rgh6
39. b3 cxb3+ 40. Kxb3 R6h3 41. a5 Rc1 42. Bd4 Ra1 43. Kb4 Re1 44. Rf6+ Kd7 45.
Rf7+ Ke6 46. Rxb7 Rd3 47. Kc4 Rd2 48. Rb6 Ra1 49. Rxa6 Ra3 50. e5 Kf5 51. exd6
Ke6 52. Bc5 Ra1 53. Ra7 Rh1 54. Re7+ Kf5 55. Bd4 Rh6 56. Re5+ Kf4 57. Rd5 1-0

[Event "Olimpiada Calviá 2004"]
[Site "Calviá ESP"]
[Date "2004.10.29"]
[Round "14.22"]
[White "Moradiabadi, Elshan"]
[Black "Miezis, Normunds"]
[Result "0-1"]
[WhiteElo "2445"]
[BlackElo "2524"]
[PlyCount "134"]
[EventDate "2004.10.15"]
[EventType "team"]
[EventRounds "14"]
[EventCountry "ESP"]
[Source "lmi"]
[SourceDate "2004.10.27"]

1. d4 e6 2. c4 b6 3. a3 Bb7 4. Nc3 f5 5. d5 Nf6 6. g3 b5 7. Nxb5 exd5 8. Bf4
Na6 9. Bg2 c6 10. Nd6+ Bxd6 11. Bxd6 Nc7 12. cxd5 cxd5 13. Nf3 Ne4 14. Bxc7
Qxc7 15. O-O O-O 16. Rc1 Qd6 17. e3 Rab8 18. Qd4 Bc6 19. Rfd1 a5 20. Ne5 Rfe8
21. Nd3 Rb5 22. b4 axb4 23. Nxb4 Nf6 24. Rd3 Bb7 25. Rcd1 Ra8 26. Qb2 Qe6 27.
Rc1 h5 28. Qd4 Kh7 29. h3 Raa5 30. Qf4 Ne4 31. Qh4 Nf6 32. Bf3 Kg6 33. Kg2 Rc5
34. Rdc3 Rxc3 35. Rxc3 Qe5 36. Rb3 Ba6 37. Nxa6 Rxa6 38. Rd3 Ra5 39. Qb4 Qc7
40. a4 Rc5 41. Qb3 Qa5 42. Rd4 Rc1 43. Rd1 Rc5 44. Ra1 Kf7 45. Qd3 g6 46. Qd4
Rc4 47. Qe5 Rxa4 48. Rd1 d4 49. exd4 Ra3 50. Qf4 Qc3 51. Re1 Qd3 52. Rd1 Qb3
53. Re1 Qc3 54. Re3 Qb4 55. Re2 Rd3 56. Qe5 Rxd4 57. Ra2 Qd6 58. Qe2 Qe6 59.
Qc2 h4 60. Ra8 hxg3 61. Qc8 Qe7 62. Qc3 Qd6 63. fxg3 Rd2+ 64. Kf1 Rd3 65. Qc4+
Kg7 66. Ke2 Rd2+ 67. Ke3 Rb2 0-1

[Event "Olimpiada Calviá 2004"]
[Site "Calviá ESP"]
[Date "2004.10.29"]
[Round "14.22"]
[White "Sveshnikov, Evgeny"]
[Black "Ghane, Shojaat"]
[Result "1-0"]
[WhiteElo "2512"]
[BlackElo "2376"]
[PlyCount "70"]
[EventDate "2004.10.15"]
[EventType "team"]
[EventRounds "14"]
[EventCountry "ESP"]
[Source "lmi"]
[SourceDate "2004.10.27"]

1. e4 e6 2. d4 d5 3. e5 c5 4. c3 Bd7 5. Nf3 Nc6 6. Be3 Nge7 7. Bd3 Qb6 8. dxc5
Qxb2 9. O-O Nf5 10. Bxf5 exf5 11. Nbd2 Qxc3 12. Rb1 d4 13. Rxb7 Bxc5 14. Nb3
Bb6 15. Nbxd4 Nxd4 16. Rxd7 Nxf3+ 17. Qxf3 O-O 18. Qxf5 Rae8 19. Bxb6 axb6 20.
f4 Ra8 21. Qb1 Qe3+ 22. Kh1 Qe2 23. Rg1 Qxa2 24. Qxb6 Rab8 25. Qd4 h6 26. h3
Qe6 27. Rf1 Rb3 28. f5 Qa6 29. Ra1 Qc6 30. Kh2 Rb2 31. Rg1 Rb4 32. Qxb4 Qxd7
33. Qe4 Qc7 34. Kh1 Re8 35. Re1 Qc3 1-0

[Event "Olimpiada Calviá 2004"]
[Site "Calviá ESP"]
[Date "2004.10.29"]
[Round "14.24"]
[White "Berg, Emanuel"]
[Black "Castellanos, Renier"]
[Result "1-0"]
[WhiteElo "2529"]
[BlackElo "2449"]
[PlyCount "59"]
[EventDate "2004.10.15"]
[EventType "team"]
[EventRounds "14"]
[EventCountry "ESP"]
[Source "lmi"]
[SourceDate "2004.10.27"]

1. e4 c5 2. Nf3 d6 3. d4 cxd4 4. Nxd4 Nf6 5. Nc3 a6 6. Bg5 e6 7. f4 Nbd7 8. Qf3
h6 9. Bxf6 Nxf6 10. O-O-O Qc7 11. Bd3 e5 12. Nf5 exf4 13. Rhe1 g6 14. e5 dxe5
15. Bb5+ axb5 16. Nxb5 Qxc2+ 17. Kxc2 Bxf5+ 18. Kc1 Rc8+ 19. Nc3 e4 20. Qxf4
Be7 21. Kb1 O-O 22. Qxh6 Bb4 23. Rc1 Rfd8 24. h3 e3+ 25. Ka1 Ne4 26. g4 Nxc3
27. gxf5 Ra8 28. Rxc3 Bxc3 29. fxg6 fxg6 30. bxc3 1-0

[Event "Olimpiada Calviá 2004"]
[Site "Calviá ESP"]
[Date "2004.10.29"]
[Round "14.24"]
[White "Llorens, Marcelo"]
[Black "Brynell, Stellan"]
[Result "1-0"]
[WhiteElo "2375"]
[BlackElo "2473"]
[PlyCount "87"]
[EventDate "2004.10.15"]
[EventType "team"]
[EventRounds "14"]
[EventCountry "ESP"]
[Source "lmi"]
[SourceDate "2004.10.27"]

1. e4 e6 2. d4 d5 3. Nc3 Nf6 4. e5 Nfd7 5. f4 c5 6. Nf3 Nc6 7. Be3 cxd4 8. Nxd4
Bc5 9. Qd2 O-O 10. O-O-O a6 11. Kb1 Nxd4 12. Bxd4 b5 13. Bxc5 Nxc5 14. Qd4 Qc7
15. Bd3 Bb7 16. g4 Rac8 17. Rhg1 Rfd8 18. a3 Ba8 19. Rd2 Qb8 20. Rgd1 Nd7 21.
Re1 Nc5 22. Red1 Nd7 23. h4 Bc6 24. h5 a5 25. Na2 b4 26. axb4 axb4 27. Nxb4 Bb5
28. h6 g6 29. f5 Bxd3 30. Nxd3 Rc4 31. Qe3 Ra4 32. Rf2 Rc8 33. fxe6 fxe6 34.
Rdf1 Qa8 35. Kc1 Qa5 36. Kd1 Re4 37. Qf3 Qa1+ 38. Kd2 Rxc2+ 39. Kxc2 Rc4+ 40.
Kd2 Qa5+ 41. Ke2 Re4+ 42. Kd1 Qa1+ 43. Kd2 Qa5+ 44. Kc2 1-0

[Event "Olimpiada Calviá 2004"]
[Site "Calviá ESP"]
[Date "2004.10.29"]
[Round "14.25"]
[White "Tyomkin, Dimitri"]
[Black "Tu, Hoang Thong"]
[Result "1-0"]
[WhiteElo "2505"]
[BlackElo "2499"]
[PlyCount "81"]
[EventDate "2004.10.15"]
[EventType "team"]
[EventRounds "14"]
[EventCountry "ESP"]
[Source "lmi"]
[SourceDate "2004.10.27"]

1. e4 e6 2. d4 d5 3. Nd2 Nf6 4. e5 Nfd7 5. Ngf3 c5 6. c3 Nc6 7. Bd3 Qb6 8. O-O
cxd4 9. cxd4 Nxd4 10. Nxd4 Qxd4 11. Nf3 Qb6 12. Qa4 Qb4 13. Qc2 Nc5 14. Bd2 Qa4
15. b3 Qd7 16. Be2 d4 17. Ne1 b6 18. Rd1 Ba6 19. Be3 Rc8 20. Rxd4 Qb7 21. Bxa6
Nxa6 22. Qe2 Nc7 23. Nf3 Nd5 24. Ng5 h6 25. Ne4 Be7 26. Qg4 Kf8 27. Qf3 Qb8 28.
Bf4 Qb7 29. Rfd1 Kg8 30. Bg3 Kf8 31. h4 h5 32. Bf4 Qb8 33. Bh2 Qa8 34. Bg3 b5
35. Bf4 Qb8 36. Bg3 Qb6 37. Bf4 Qb8 38. Qg3 Qb6 39. Bg5 f6 40. Qf3 f5 41. Rxd5
1-0

[Event "Olimpiada Calviá 2004"]
[Site "Calviá ESP"]
[Date "2004.10.29"]
[Round "14.25"]
[White "Bao, Quang"]
[Black "Bluvshtein, Mark"]
[Result "1/2-1/2"]
[WhiteElo "2376"]
[BlackElo "2502"]
[PlyCount "122"]
[EventDate "2004.10.15"]
[EventType "team"]
[EventRounds "14"]
[EventCountry "ESP"]
[Source "lmi"]
[SourceDate "2004.10.27"]

1. e4 c5 2. Nc3 Nc6 3. g3 g6 4. Bg2 Bg7 5. d3 d6 6. Nge2 e5 7. Nd5 Nge7 8. Nec3
Be6 9. Bg5 h6 10. Bf6 O-O 11. O-O Bxf6 12. Nxf6+ Kg7 13. Ncd5 Bxd5 14. Nxd5
Nxd5 15. exd5 Nd4 16. c3 Nf5 17. Qd2 h5 18. Rae1 Qf6 19. f4 Rae8 20. Be4 exf4
21. Qxf4 Re5 22. Bxf5 Rxf5 23. Qe4 Rxf1+ 24. Rxf1 Qe5 25. Qxe5+ dxe5 26. Kf2
Rd8 27. c4 f5 28. a3 Kf6 29. Ke3 Ke7 30. b4 Rc8 31. Rb1 b6 32. h3 Kd6 33. b5
Ra8 34. a4 a6 35. bxa6 Rxa6 36. g4 Ke7 37. gxf5 gxf5 38. Rg1 Kf6 39. Rg8 Rxa4
40. Rb8 e4 41. Rxb6+ Kg5 42. h4+ Kxh4 43. dxe4 Rxc4 44. exf5 Kg5 45. d6 Kxf5
46. d7 Rd4 47. Rc6 Rxd7 48. Rxc5+ Kg4 49. Kf2 h4 50. Kg1 Rd3 51. Rc8 Kg3 52.
Rg8+ Kh3 53. Rf8 Rd1+ 54. Rf1 Rd3 55. Ra1 Kg3 56. Rb1 h3 57. Ra1 Rb3 58. Rc1
Ra3 59. Rb1 h2+ 60. Kh1 Kh3 61. Rb3+ Rxb3 1/2-1/2

[Event "Olimpiada Calviá 2004"]
[Site "Calviá ESP"]
[Date "2004.10.29"]
[Round "14.26"]
[White "Galego, Luis"]
[Black "Nielsen, Peter Heine"]
[Result "0-1"]
[WhiteElo "2515"]
[BlackElo "2663"]
[PlyCount "88"]
[EventDate "2004.10.15"]
[EventType "team"]
[EventRounds "14"]
[EventCountry "ESP"]
[Source "lmi"]
[SourceDate "2004.10.27"]

1. e4 c5 2. Nf3 d6 3. Bb5+ Nd7 4. O-O Ngf6 5. Re1 a6 6. Bxd7+ Nxd7 7. d4 e6 8.
dxc5 Nxc5 9. Qd4 e5 10. Qe3 b5 11. Nc3 Bb7 12. Rd1 Qc7 13. Nd5 Bxd5 14. Rxd5
Be7 15. b3 O-O 16. Ba3 Nd7 17. Qd3 Rad8 18. Rd1 Nf6 19. Rxd6 Bxd6 20. Bxd6 Rxd6
21. Qxd6 Qxc2 22. Qd3 Qxd3 23. Rxd3 Rc8 24. g3 Nxe4 25. Nxe5 f6 26. Ng4 Rc1+
27. Kg2 Rc2 28. Rd4 f5 29. a4 g6 30. axb5 axb5 31. Kg1 Rb2 32. Rb4 Ng5 33. Ne5
Nh3+ 34. Kg2 Nxf2 35. Rxb5 Ng4+ 36. Kg1 Rb1+ 37. Kg2 Rb2+ 38. Kg1 Nxh2 39. Rb7
Re2 40. Nd7 Kg7 41. b4 h5 42. b5 Nf3+ 43. Kf1 Re7 44. b6 Nd2+ 0-1

[Event "Olimpiada Calviá 2004"]
[Site "Calviá ESP"]
[Date "2004.10.29"]
[Round "14.26"]
[White "Hansen, Sune Berg"]
[Black "Fernandes, Antonio"]
[Result "1-0"]
[WhiteElo "2510"]
[BlackElo "2310"]
[PlyCount "61"]
[EventDate "2004.10.15"]
[EventType "team"]
[EventRounds "14"]
[EventCountry "ESP"]
[Source "lmi"]
[SourceDate "2004.10.27"]

1. e4 e5 2. Nf3 Nf6 3. Nxe5 d6 4. Nf3 Nxe4 5. d4 d5 6. Bd3 Nc6 7. O-O Be7 8. c4
Nb4 9. Be2 O-O 10. a3 Nc6 11. cxd5 Qxd5 12. Nc3 Nxc3 13. bxc3 Bf5 14. Re1 Rfe8
15. Bf4 Rac8 16. Bd3 Bxd3 17. Qxd3 b6 18. Rad1 Na5 19. Re5 Qc4 20. Qe3 Qa4 21.
Qd3 Bd6 22. Ng5 g6 23. Ne4 Kg7 24. Re1 f6 25. Nxd6 cxd6 26. Re7+ Rxe7 27. Rxe7+
Kg8 28. Qe2 Qc4 29. Re8+ Rxe8 30. Qxe8+ Kg7 31. Qe7+ 1-0

[Event "Olimpiada Calviá 2004"]
[Site "Calviá ESP"]
[Date "2004.10.29"]
[Round "14.27"]
[White "Van Der Stricht, Geert"]
[Black "Kelly, Brian"]
[Result "1/2-1/2"]
[WhiteElo "2413"]
[BlackElo "2494"]
[PlyCount "61"]
[EventDate "2004.10.15"]
[EventType "team"]
[EventRounds "14"]
[EventCountry "ESP"]
[Source "lmi"]
[SourceDate "2004.10.27"]

1. d4 d5 2. c4 c6 3. Nc3 Nf6 4. e3 a6 5. Qc2 Bg4 6. Nge2 e6 7. Ng3 Nbd7 8. h3
Bh5 9. Nxh5 Nxh5 10. Bd2 Nhf6 11. Bd3 Be7 12. cxd5 cxd5 13. O-O O-O 14. a4 Bb4
15. Qb3 Qa5 16. Rfd1 Rac8 17. Nb1 Bxd2 18. Nxd2 Rc7 19. Qa3 Rfc8 20. Nb3 Qb6
21. a5 Qa7 22. Rdc1 Rxc1+ 23. Rxc1 Rxc1+ 24. Nxc1 Qb8 25. Qc3 h6 26. Nb3 Ne8
27. Nc5 Qc8 28. Bc2 Nd6 29. Ba4 Nxc5 30. Qxc5 Qd8 31. Bc2 1/2-1/2

[Event "Olimpiada Calviá 2004"]
[Site "Calviá ESP"]
[Date "2004.10.29"]
[Round "14.27"]
[White "Collins, Sam E"]
[Black "Abolianin, Arthur"]
[Result "1-0"]
[WhiteElo "2387"]
[BlackElo "2412"]
[PlyCount "99"]
[EventDate "2004.10.15"]
[EventType "team"]
[EventRounds "14"]
[EventCountry "ESP"]
[Source "lmi"]
[SourceDate "2004.10.27"]

1. d4 g6 2. e4 Bg7 3. Nc3 c6 4. Nf3 d6 5. Be2 Nf6 6. O-O O-O 7. h3 b5 8. e5 Ne8
9. a4 b4 10. Ne4 d5 11. Nc5 a5 12. c3 bxc3 13. bxc3 Nc7 14. Ba3 Nca6 15. Re1
Nxc5 16. Bxc5 Nd7 17. Ba3 f6 18. e6 Nb6 19. Rb1 Nc4 20. Bxc4 dxc4 21. Nd2 Ba6
22. Qf3 Bh6 23. Ne4 f5 24. Nc5 Qc7 25. Nxa6 Rxa6 26. Qe2 Bf4 27. Qxc4 Ra7 28.
Bc5 Raa8 29. Bb6 Qd6 30. Qe2 Rfb8 31. c4 Bg5 32. Red1 Rb7 33. Bc5 Qc7 34. Rxb7
Qxb7 35. d5 cxd5 36. cxd5 Rc8 37. d6 exd6 38. Bxd6 Qe4 39. Qxe4 fxe4 40. Rd5 e3
41. fxe3 Bxe3+ 42. Kf1 Bb6 43. Rb5 Rc6 44. Re5 Rc8 45. Re4 Re8 46. Ke2 Kg7 47.
e7 Kf7 48. Rf4+ Ke6 49. Rf8 Kd7 50. Kd3 1-0

[Event "Olimpiada Calviá 2004"]
[Site "Calviá ESP"]
[Date "2004.10.29"]
[Round "14.29"]
[White "Goh Koon-Jong, Jason"]
[Black "Erdogdu, Mert"]
[Result "0-1"]
[WhiteElo "2419"]
[BlackElo "2393"]
[PlyCount "136"]
[EventDate "2004.10.15"]
[EventType "team"]
[EventRounds "14"]
[EventCountry "ESP"]
[Source "lmi"]
[SourceDate "2004.10.27"]

1. d4 Nf6 2. c4 g6 3. Nc3 Bg7 4. e4 d6 5. h3 O-O 6. Bg5 Na6 7. g4 Qe8 8. Bg2 e5
9. d5 Nd7 10. Nge2 Ndc5 11. a3 f5 12. b4 Nxe4 13. Nxe4 fxe4 14. Nc3 e3 15. Bxe3
e4 16. Rc1 Qe5 17. Qd2 Bd7 18. Nxe4 Rae8 19. Qd3 h5 20. f3 Bf5 21. gxf5 gxf5
22. Kd2 fxe4 23. fxe4 Nb8 24. Rhg1 Nd7 25. Bh1 Rf7 26. Bd4 Qe7 27. Qe2 Qh4 28.
Rcf1 Ree7 29. Bf3 Kh7 30. Bxg7 Rxg7 31. Bxh5 Ne5 32. Bg4 Kh8 33. Rf8+ Rg8 34.
Rxg8+ Kxg8 35. Be6+ Kh8 36. Qg2 Qh6+ 37. Kc2 Re8 38. Qe2 Rf8 39. Bf5 Rg8 40.
Bg4 Rf8 41. Rg2 Qh4 42. Kb3 Rf4 43. Qe3 Qf6 44. Rg3 Rf2 45. Be2 b6 46. h4 c5
47. h5 Kh7 48. h6 Qf4 49. bxc5 bxc5 50. Qxf4 Rxf4 51. Re3 Kxh6 52. Ka4 Rf7 53.
Ka5 Kg5 54. Rh3 Rf2 55. Bd3 Rd2 56. Bf1 Rd1 57. Be2 Rd2 58. Bf1 Rf2 59. Bd3 Kg4
60. Re3 Kf4 61. Rh3 Rf3 62. Rxf3+ Kxf3 63. Bf1 Kf2 64. Bh3 Nxc4+ 65. Ka6 Ne5
66. Kb5 Ke2 67. a4 c4 68. Kb4 Kd2 0-1

[Event "Olimpiada Calviá 2004"]
[Site "Calviá ESP"]
[Date "2004.10.29"]
[Round "14.29"]
[White "Yilmaz, Turhan"]
[Black "Goh, Weiming"]
[Result "1-0"]
[WhiteElo "2361"]
[BlackElo "2353"]
[PlyCount "62"]
[EventDate "2004.10.15"]
[EventType "team"]
[EventRounds "14"]
[EventCountry "ESP"]
[Source "lmi"]
[SourceDate "2004.10.27"]

1. d4 d5 2. c4 e6 3. Nc3 c6 4. cxd5 exd5 5. Qc2 g6 6. Bf4 Bg7 7. e3 Bf5 8. Qd2
Nf6 9. f3 Nbd7 10. g4 Be6 11. h4 h5 12. g5 Ng8 13. Bd3 Ne7 14. Nge2 O-O 15.
O-O-O b5 16. Kb1 Nb6 17. Rc1 Re8 18. Be5 Bf5 19. e4 dxe4 20. fxe4 Bg4 21. Bf6
Nd7 22. Rhf1 Qb8 23. e5 Bf5 24. Bxf5 Nxf5 25. Rxf5 gxf5 26. Bxg7 Kxg7 27. Ng3
Nxe5 28. Nxh5+ Kh8 29. g6 Ng4 30. Rg1 fxg6 31. Rxg4 Kh7 1-0

[Event "Olimpiada Calviá 2004"]
[Site "Calviá ESP"]
[Date "2004.10.29"]
[Round "14.29"]
[White "Chan, Peng-Kong"]
[Black "Atakisi, Umut"]
[Result "1/2-1/2"]
[WhiteElo "2339"]
[BlackElo "2304"]
[PlyCount "117"]
[EventDate "2004.10.15"]
[EventType "team"]
[EventRounds "14"]
[EventCountry "ESP"]
[Source "lmi"]
[SourceDate "2004.10.27"]

1. d4 Nf6 2. c4 g6 3. Nc3 d5 4. Nf3 Bg7 5. Bf4 c5 6. dxc5 Qa5 7. cxd5 Nxd5 8.
Qxd5 Bxc3+ 9. Bd2 Be6 10. Qd3 Bxd2+ 11. Qxd2 Qxd2+ 12. Nxd2 Na6 13. e3 Nxc5 14.
Bb5+ Kf8 15. Ke2 Kg7 16. Rhc1 Rac8 17. b4 Nd7 18. Bc4 Bxc4+ 19. Nxc4 Rc7 20.
Nb2 Rhc8 21. Kd2 Ne5 22. Rxc7 Rxc7 23. h3 Kf6 24. Rc1 Rxc1 25. Kxc1 Ke6 26. Kd2
Kd5 27. Kc3 f5 28. Nd3 Nf7 29. f3 e5 30. Nc5 Nd6 31. Kd3 e4+ 32. fxe4+ fxe4+
33. Kc3 Nf5 34. Nxb7 Nxe3 35. a4 Nxg2 36. b5 Nf4 37. a5 e3 38. b6 axb6 39. a6
Ne6 40. a7 Nc7 41. Kd3 b5 42. Kxe3 b4 43. Na5 Kc5 44. Kf4 Kb6 45. Nb3 Kxa7 46.
Kg5 Kb6 47. Kh6 Ne6 48. Kxh7 g5 49. Kg6 Kc6 50. Kf5 Kd6 51. Kf6 Kd5 52. Na5 Nd4
53. Kxg5 Kc5 54. h4 Kb5 55. h5 Kxa5 56. h6 b3 57. h7 b2 58. h8=Q b1=Q 59. Qxd4
1/2-1/2

[Event "Olimpiada Calviá 2004"]
[Site "Calviá ESP"]
[Date "2004.10.29"]
[Round "14.30"]
[White "Simonsen, Hans Kristian"]
[Black "Olafsson, Helgi"]
[Result "1/2-1/2"]
[WhiteElo "2293"]
[BlackElo "2531"]
[PlyCount "50"]
[EventDate "2004.10.15"]
[EventType "team"]
[EventRounds "14"]
[EventCountry "ESP"]
[Source "lmi"]
[SourceDate "2004.10.27"]

1. d4 d5 2. Nf3 c6 3. c4 Nf6 4. cxd5 cxd5 5. Nc3 Nc6 6. Bf4 Bf5 7. e3 e6 8. Bd3
Bxd3 9. Qxd3 Be7 10. O-O O-O 11. Rfc1 Nd7 12. Nb5 a6 13. Nd6 Qb6 14. Qb3 Qxb3
15. axb3 Bxd6 16. Bxd6 Rfc8 17. Rc3 Na7 18. Rac1 Rc6 19. Rxc6 Nxc6 20. Nd2 f6
21. b4 Kf7 22. Nb3 e5 23. dxe5 fxe5 24. Na5 Nd8 25. f4 Ke6 1/2-1/2

[Event "Olimpiada Calviá 2004"]
[Site "Calviá ESP"]
[Date "2004.10.29"]
[Round "14.30"]
[White "Rodgaard, John"]
[Black "Kristjansson, Stefan"]
[Result "1/2-1/2"]
[WhiteElo "2310"]
[BlackElo "2444"]
[PlyCount "130"]
[EventDate "2004.10.15"]
[EventType "team"]
[EventRounds "14"]
[EventCountry "ESP"]
[Source "lmi"]
[SourceDate "2004.10.27"]

1. Nf3 Nf6 2. c4 g6 3. Nc3 d5 4. cxd5 Nxd5 5. Qa4+ Bd7 6. Qh4 Nxc3 7. dxc3 Nc6
8. e4 e5 9. Bg5 Be7 10. Bc4 h5 11. Bxe7 Qxe7 12. Qxe7+ Kxe7 13. O-O-O Bg4 14.
Rd3 Na5 15. Bd5 c6 16. Bb3 Nxb3+ 17. axb3 f6 18. Rhd1 h4 19. Kc2 Rac8 20. b4
Rc7 21. Ra1 a6 22. Nd2 Be6 23. f3 Rh5 24. Rf1 Rd7 25. Rxd7+ Kxd7 26. Rf2 Rg5
27. Nf1 f5 28. h3 Ke7 29. Kd2 Rh5 30. Ne3 f4 31. Nf1 Rh8 32. Kc2 Ra8 33. Nd2 a5
34. bxa5 Rxa5 35. Rf1 Ra8 36. Rd1 Bf7 37. Re1 Kf6 38. Rd1 Ke7 39. Re1 Be6 40.
Rd1 b6 41. Re1 Ra7 42. Rd1 Ra8 43. Re1 Kd6 44. Rd1 Kc7 45. Re1 Rh8 46. Nf1 Rd8
47. Nd2 b5 48. Ra1 Kb6 49. Re1 c5 50. Ra1 Bf7 51. Rd1 Kc7 52. Ra1 Kb7 53. Rd1
Be6 54. Ra1 c4 55. Rd1 Ra8 56. Nb1 Kc6 57. Na3 Rh8 58. Kd2 Rd8+ 59. Kc2 Rb8 60.
Kc1 g5 61. Nc2 Kc5 62. Nb4 Rf8 63. Kd2 Rd8+ 64. Ke2 Rxd1 65. Kxd1 Bf7 1/2-1/2

[Event "Olimpiada Calviá 2004"]
[Site "Calviá ESP"]
[Date "2004.10.29"]
[Round "14.31"]
[White "Santos Flores, Alberto"]
[Black "Braga, Cicero"]
[Result "1/2-1/2"]
[WhiteElo "2326"]
[BlackElo "2441"]
[PlyCount "71"]
[EventDate "2004.10.15"]
[EventType "team"]
[EventRounds "14"]
[EventCountry "ESP"]
[Source "lmi"]
[SourceDate "2004.10.27"]

1. e4 c5 2. Nf3 d6 3. d4 cxd4 4. Nxd4 Nf6 5. Nc3 g6 6. Be3 Bg7 7. f3 Nc6 8. Qd2
O-O 9. Bc4 Bd7 10. h4 h5 11. O-O-O Ne5 12. Bb3 Rc8 13. Bg5 Rc5 14. Kb1 a5 15.
a4 Qb6 16. Be3 Qa6 17. Ndb5 Rxb5 18. axb5 Bxb5 19. Bh6 a4 20. Ba2 a3 21. Bxg7
Kxg7 22. b3 Rc8 23. Nd5 Nxd5 24. exd5 Bd7 25. c3 b5 26. b4 Rc7 27. Rhe1 Kg8 28.
Re3 Qc8 29. Qc1 Ra7 30. Ka1 Bf5 31. Rd4 Qf8 32. Qe1 Rc7 33. Qc1 Ra7 34. Qe1 Rc7
35. Qc1 Ra7 36. Qe1 1/2-1/2

[Event "Olimpiada Calviá 2004"]
[Site "Calviá ESP"]
[Date "2004.10.29"]
[Round "14.33"]
[White "Rahman, Ziaur"]
[Black "Khairallah, Faisal"]
[Result "1-0"]
[WhiteElo "2535"]
[BlackElo "2323"]
[PlyCount "71"]
[EventDate "2004.10.15"]
[EventType "team"]
[EventRounds "14"]
[EventCountry "ESP"]
[Source "lmi"]
[SourceDate "2004.10.27"]

1. Nf3 d5 2. d4 Nf6 3. c4 c6 4. e3 Bf5 5. Nc3 e6 6. Nh4 Be4 7. f3 Bg6 8. Qb3
Qc7 9. Bd2 Nbd7 10. O-O-O Be7 11. Nxg6 hxg6 12. cxd5 Nxd5 13. e4 Nxc3 14. Bxc3
a5 15. d5 a4 16. Qc2 a3 17. dxe6 axb2+ 18. Kb1 fxe6 19. Bc4 e5 20. f4 Bf6 21.
g4 O-O-O 22. g5 Be7 23. Be6 exf4 24. Qa4 Kb8 25. Bxd7 Bxg5 26. Rd3 f3 27. Ba5
Qf4 28. Bd2 Qe5 29. Bxg5 Qxg5 30. Qd4 Qf4 31. e5 Qxd4 32. Rxd4 f2 33. e6 Rxh2
34. Rf1 Kc7 35. e7 Rxd7 36. e8=Q 1-0

[Event "Olimpiada Calviá 2004"]
[Site "Calviá ESP"]
[Date "2004.10.29"]
[Round "14.33"]
[White "Najjar, Ahmad"]
[Black "Reefat, Bin-Sattar"]
[Result "0-1"]
[WhiteElo "2337"]
[BlackElo "2462"]
[PlyCount "46"]
[EventDate "2004.10.15"]
[EventType "team"]
[EventRounds "14"]
[EventCountry "ESP"]
[Source "lmi"]
[SourceDate "2004.10.27"]

1. d4 d5 2. Nf3 Nf6 3. Bf4 c5 4. e3 Nc6 5. c3 Qb6 6. Qb3 c4 7. Qxb6 axb6 8.
Nbd2 b5 9. b4 Ra3 10. Nb1 Ra7 11. Nfd2 h6 12. f3 Nh5 13. Bc7 Kd7 14. Bg3 Nxg3
15. hxg3 e5 16. Be2 exd4 17. exd4 Bd6 18. Kf2 Ne7 19. f4 Kc6 20. Bd1 Bf5 21. a3
Rha8 22. Ra2 g5 23. fxg5 hxg5 0-1